01622na a2200397 450000100060000000300080000600500170001400800410003103500100007204000250008204100080010708200270011509000190014211000340016122200350019524500900023024600310032024600610035126000280041230000180044044000530045861001000051161000730061161000710068465000440075565500220079965700470082165700310086865700300089974000610092974000640099083000220105494200130107695201200108999900150120920250MIRAKIL20181213155041.0170120b tu 000 0  a20250 aMilasbturcTR-AnCHP atur aCHP 324.6bC36m [2002] aBROŞÜR 324 aCumhuriyet Halk Partisi (CHP) aMüşahitler için kılavuz aSandık kurulu üyeleri ve gözlemciler (müşahitler) için rehberb[2002]cCHP aCHP 2002 seçim kılavuzu aSandık kurulu üyeleri ve müşahitler için rehber a[Ankara]b[CHP]c[2002] a31 s.c18 sm. aCumhuriyet Halk Partisi yayınlarıpKılavuzlar aCumhuriyet Halk Partisi (CHP)xGözlemciler (Müşahitler)xSeçim işlemleriyKılavuzlar aCumhuriyet Halk Partisi (CHP)xSandık kurulu üyeleriyKılavuzlar aCumhuriyet Halk Partisi (CHP)xGenel seçimler, 2002yKılavuzlar aSeçimleryHukuk ve mevzuatzTürkiye aKılavuz kitaplar aCHP gözlemciler (müşahitler) rehberi aCHP 2002 seçim kılavuzu aCHP seçim kılavuzları aSandık kurulu üyeleri ve müşahitler için rehber aCHP 2002 sandık kurulu üyeleri ve müşahitler rehberi aCHP kılavuzları 2ddccBKS 51a0001b0001d2017-01-16e2f BROŞÜRLERl0oBROŞÜR 324p011652r2017-01-16 00:00:00tk.15w2017-01-16yVIS c5600d5600